| 000 -LEADER |
| fixed length control field |
00360nam a22001217a 4500 |
| 082 ## - DEWEY DECIMAL CLASSIFICATION NUMBER |
| Classification number |
TNC Q811 S82 |
| 100 ## - MAIN ENTRY--PERSONAL NAME |
| Personal name |
Strathern, Andrew (ed.) |
| 9 (RLIN) |
22170 |
| 245 ## - TITLE STATEMENT |
| Title |
Terror and violence : |
| Remainder of title |
Imagination and the unimaginable |
| Statement of responsibility, etc |
edited by Andrew Strathern |
| 260 ## - PUBLICATION, DISTRIBUTION, ETC. (IMPRINT) |
| Place of publication, distribution, etc |
Hyderabad |
| Name of publisher, distributor, etc |
Orient |
| Date of publication, distribution, etc |
2006 |
| 300 ## - PHYSICAL DESCRIPTION |
| Extent |
250p. |
| 650 ## - SUBJECT ADDED ENTRY--TOPICAL TERM |
| Topical term or geographic name as entry element |
Terrorism |
| 9 (RLIN) |
22171 |
| 650 ## - SUBJECT ADDED ENTRY--TOPICAL TERM |
| Topical term or geographic name as entry element |
Violence |
| 9 (RLIN) |
22172 |